000 01553nam a22002777i 4500
999 _c23657
_d23657
003 AR-CdUCM
008 260429b o|||| |||| 00| 0 spa d
020 _a978-84-1357-061-7
040 _aMUNICIPALIDAD PROVINCIAL DEL CUSCO
_cBIBLIOTECA MUNICIPAL DEL CUSCO
041 _hspa
082 _a641.5
_bG87
100 _aGuerrero, Marina
_952783
245 _aLa energía de los alimentos :
_b78 recetas saludables /
260 _aMadrid, España :
_bEditorial Síntesis
_c2021
300 _a115 páginas. :
_c14x21,5 cm.
505 _aIntroducción a la alimentación energética -- Concepto de energía en los alimentos -- Principios de la alimentación saludable -- Clasificación de los alimentos naturales -- Beneficios de una dieta equilibrada -- Influencia de la alimentación en la salud física --Relación entre alimentación y bienestar emocional -- Alimentos energéticos y sus propiedades -- Importancia de los nutrientes esenciales -- Hábitos alimenticios saludables -- Preparación de alimentos naturales -- Recetas energéticas para el desayuno -- Recetas saludables para el almuerzo -- Recetas ligeras para la cena -- Bebidas naturales y energizantes -- Consejos para una alimentación consciente
650 _aAlimentación saludable
_952784
650 _aNutrición
_92384
650 _aDietas saludables
_952785
650 _aHábitos alimenticios
_952786
650 _aCocina saludable
_952787
650 _aAlimentos naturales
_952788
856 _fwww.sintesis.com
942 _2ddc
_cLIBROS
945 _aesh
_d29-04-2026